| 000 | 00500nam a2200193 4500 | ||
|---|---|---|---|
| 003 | OSt | ||
| 005 | 20260601171021.0 | ||
| 008 | 260520b\\\\\\\\||||||||\||||\00|\0\eng\d | ||
| 040 |
_aICI _bspa _cICI _erda |
||
| 050 |
_aNK1 _b.I23 |
||
| 100 |
_aHanna, Annetta _eautor _934682 |
||
| 245 | _aI.D Magazine | ||
| 264 |
_aEstados Unidos _bAnnetta Hanna _c1990 |
||
| 300 | _a99 páginas | ||
| 336 |
_2rdacontent _atexto |
||
| 337 |
_2rdamedia _asin medio |
||
| 338 |
_2rdacarrier _avolumen |
||
| 942 |
_2lcc _n1 _cB |
||
| 999 |
_c20894 _d20894 |
||